Finding the source in sociology and anthropology : a thesaurus-index to the reference collection

Αποθηκεύτηκε σε:
Λεπτομέρειες βιβλιογραφικής εγγραφής
Κύριος συγγραφέας: Brown, Samuel R.
Μορφή: Βιβλίο
Γλώσσα:English
Δημοσίευση: New York : Greenwood, 1987
Σειρά:Finding the source ; ; 1
Θέματα:
Ετικέτες: Προσθήκη ετικέτας
Δεν υπάρχουν, Καταχωρήστε ετικέτα πρώτοι!

MARC

LEADER 00000pam a2200000 i 4500
001 1/64142
008 930929s1987 eng d
020 |a 0-313-25263-7 
035 |l 10001334 
040 |a GR-MY-UA  |b gre  |e aacr 
041 0 |a eng 
082 0 |a 016.301 
100 1 |a Brown, Samuel R. 
245 1 0 |a Finding the source in sociology and anthropology :  |b a thesaurus-index to the reference collection /  |c Compiled by Samuel R. Brown 
260 |a New York :   |b Greenwood,   |c 1987 
300 |a xv, 269 p.;  |c 25 cm 
490 1 |a Finding the source  |v ; 1 
504 |a Includes index 
650 0 0 |a Sociology  |x Reference books  |x Bibliography. 
650 0 0 |a Sociology  |x Bibliography. 
650 0 0 |a Sociology  |x Reference books  |x Indexes. 
650 0 0 |a Sociology  |x Indexes. 
650 0 0 |a Anthropology  |x Reference books  |x Bibliography. 
650 0 0 |a Anthropology  |x Bibliography. 
650 0 0 |a Anthropology  |x Reference books  |x Indexes. 
650 0 0 |a Anthropology  |x Indexes. 
830 0 |a Finding the source ;  |v ; 1 
852 |a INST  |b LESVOS  |e 19930929  |h 016.301 BRO  |p 005100023056  |q 005100023056  |t REF  |y 23 
909 |a Λ  |b 013104